Loading...
| Current Events | 1 | 10.00 | 100% | 0% | 0% |
| Fine Arts - Auditory Fine Arts | 3 | 10.00 | 67% | 33% | 0% |
| Fine Arts - Other Fine Arts | 1 | 10.00 | 100% | 0% | 0% |
| Fine Arts - Visual Fine Arts | 5 | 8.00 | 80% | 0% | 0% |
| Geography | 1 | 20.00 | 100% | 100% | 0% |
| History - American History | 6 | 15.00 | 100% | 50% | 0% |
| History - European History | 4 | 7.50 | 75% | 0% | 0% |
| History - Other History | 2 | 10.00 | 100% | 0% | 0% |
| History - World History | 4 | 17.50 | 100% | 25% | 50% |
| Literature - American Literature | 3 | 6.67 | 67% | 0% | 0% |
| Literature - British Literature | 4 | 12.50 | 100% | 25% | 0% |
| Literature - European Literature | 4 | 7.50 | 75% | 0% | 0% |
| Literature - World Literature | 6 | 11.67 | 50% | 50% | 17% |
| Mythology | 5 | 14.00 | 100% | 40% | 0% |
| Philosophy | 3 | 10.00 | 100% | 0% | 0% |
| Pop Culture | 3 | 16.67 | 100% | 33% | 33% |
| Popular Culture | 1 | 20.00 | 100% | 0% | 100% |
| Religion | 2 | 15.00 | 100% | 50% | 0% |
| Science - Biology | 6 | 13.33 | 83% | 33% | 17% |
| Science - Chemistry | 3 | 10.00 | 67% | 33% | 0% |
| Science - Other Science | 4 | 20.00 | 100% | 75% | 25% |
| Science - Physics | 2 | 15.00 | 100% | 50% | 0% |
| Social Science | 4 | 12.50 | 75% | 0% | 50% |